000 02165nam0a2200361 4500
001 RU\NLR\BIBL_A\012314499
005 20200921170437.0
010 _a978-5-502-01208-9
_9100
021 _aRU
_bКН-П-20-020740
_9КН-П-20-1617
035 _a(NLR Aleph) 012314499
035 _a(RuMoRGB)010320247
090 _a11388462
_c11388462
100 _a20200814d2019 u y0rusy50 ca
101 0 _arus
_aeng
102 _aRU
105 _aa|||j|||000zy
181 0 _ai
_baxxe
182 0 _an
200 1 _aАнглийский язык для магистров энерготехнических специальностей
_eучебное пособие для магистров всех форм обучения
_fМинистерство науки и высшего образования Российской Федерации, Федеральное государственное бюджетное образовательное учреждение высшего образования "Нижегородский государственный технический университет им. Р.Е. Алексеева"
_g[Т.В. Захарченко и др.]
203 _aТекст
_bвизуальный
_cнепосредственный
210 _aНижний Новгород
_cНижегородский государственный технический университет им. Р.Е. Алексеева
_d2019
215 _a177 с.
_cил.
_d20
320 _aБиблиогр.: с. 176-177 (51 назв.)
606 1 _aАнглийский язык
_xУчебные издания для энергетиков
_2nlr_sh2
_3RU\NLR\AUTH\661448931
686 1 _aШ143.21-93рус328.71
702 1 _aЗахарченко
_bТ. В.
_gТатьяна Васильевна
_4220
712 0 2 _aНижегородский государственный технический университет им. Р. Е. Алексеева
_3RU\NLR\AUTH\8813523
_4475
942 _cBOOK
980 _aNBR
980 _aNB